| 000 | 00401pab a2200157 454500 | ||
|---|---|---|---|
| 008 | 180718b2014 xxu||||| |||| 00| 0 eng d | ||
| 100 | _aChhina, RTS | ||
| 245 | _aIndia and the great war 1914-18 : International conference 05-07 March 2014 - A report | ||
| 260 | _c2014 | ||
| 300 | _ap.112-126. | ||
| 362 | _aJan-Mar | ||
| 650 | _aWar | ||
| 773 | _aUSI Journal | ||
| 908 | _aN | ||
| 909 | _a104287 | ||
| 999 |
_c104283 _d104283 |
||